| 000 | 01153cam a2200349 a 4500 | ||
|---|---|---|---|
| 001 | 14320743 | ||
| 003 | OSt | ||
| 005 | 20140310182708.0 | ||
| 008 | 060329s2007 caua 001 0 eng | ||
| 010 | _a 2006010692 | ||
| 020 | _a981069881X | ||
| 020 | _a0805382976 | ||
| 020 | _a9789810698812 | ||
| 040 |
_aDLC _cDLC _dDLC |
||
| 050 | 0 | 0 |
_aQD 33.2 _b.T583 2007 |
| 082 | 0 | 0 |
_aM 540 _22nd ed. _bT48 2007 |
| 100 | 1 | _aTimberlake, Karen C. | |
| 245 | 1 | 0 |
_aGeneral, organic, and biological chemistry : _bstructures of life / _cTimberlake, Karen C. |
| 250 | _a2nd ed. | ||
| 260 |
_aSingapore : _bPearson Education South Asia Pte Ltd., _cc2007. |
||
| 300 |
_axx, 896 p. : _bill. ; _c29 cm. |
||
| 500 | _aIncludes index. | ||
| 521 | _aCollege Students | ||
| 526 | _c1210L-1700L | ||
| 541 | _j1 | ||
| 562 | _e1 | ||
| 650 | 0 | _aChemistry. | |
| 856 | 4 | 1 |
_3Table of contents only _uhttp://www.loc.gov/catdir/toc/ecip0611/2006010692.html |
| 906 |
_a7 _bcbc _corignew _d1 _eecip _f20 _gy-gencatlg |
||
| 942 |
_2lcc _cBK _kM |
||
| 999 |
_c15226 _d15226 |
||